[Event "POL-chT U20 2nd League"]
[Site "Sypniewo"]
[Date "2025.06.24"]
[Round "7.23"]
[White "Kicinska, Anna"]
[Black "Branka, Julia"]
[Result "1-0"]
[WhiteElo "1790"]
[BlackElo "1697"]
[PlyCount "111"]
[EventDate "2025.06.18"]
[EventType "team-swiss"]
[EventRounds "9"]
[EventCountry "POL"]
[SourceTitle "CB27_2025"]
[SourceDate "2025.07.02"]
[SourceVersion "1"]
[SourceVersionDate "2025.07.02"]
[SourceQuality "1"]
[WhiteTeam "Grodzisk Maowiecki."]
[BlackTeam "Krakow CC 1893"]
[WhiteTeamCountry "POL"]
[BlackTeamCountry "POL"]

1. d4 Nf6 2. Nf3 g6 3. Bg5 Bg7 4. Nbd2 0-0 5. c3 d6 6. e4 Nbd7 7. Bc4 e5 8. dxe5 dxe5 9. 0-0 Qe8 10. Re1 Nc5 11. b4 Ne6 12. Bh4 Nf4 13. a4 Bg4 14. Qc2 Rd8 15. h3 Bh5 16. Bf1 Bxf3 17. Nxf3 Qe6 18. Rad1 Rfe8 19. Ng5 Qc6 20. Bb5 Qb6 21. Bxe8 Rxe8 22. Qa2 Rf8 23. Qc4 h6 24. Nf3 N6h5 25. Be7 Re8 26. Bc5 Qf6 27. Kh2 g5 28. Rd7 Nxh3 29. gxh3 Qxf3 30. Qe2 Qxe2 31. Rxe2 Nf4 32. Red2 Ne6 33. Re7 Rxe7 34. Bxe7 Bf8 35. Bxf8 Kxf8 36. Kg3 Ke7 37. f3 Nf4 38. a5 a6 39. c4 Ne6 40. h4 Nd4 41. hxg5 hxg5 42. Kg4 Ke6 43. Rb2 c6 44. Rh2 Ke7 45. Rh5 Ne6 46. Rh8 Kd7 47. Rg8 Ke7 48. Rb8 Nd8 49. Kxg5 f6+ 50. Kf5 Nf7 51. Rxb7+ Kf8 52. Kxf6 Nd8 53. Rb8 Ke8 54. Kxe5 Ke7 55. Rxd8 Kxd8 56. Kd6 1-0

[Event "POL-chT U20 2nd League"]
[Site "Sypniewo"]
[Date "2025.06.22"]
[Round "5.71"]
[White "Gac Mytych, Sara"]
[Black "Branka, Julia"]
[Result "0-1"]
[WhiteElo "1556"]
[BlackElo "1697"]
[PlyCount "92"]
[EventDate "2025.06.18"]
[EventType "team-swiss"]
[EventRounds "9"]
[EventCountry "POL"]
[SourceTitle "CB27_2025"]
[SourceDate "2025.07.02"]
[SourceVersion "1"]
[SourceVersionDate "2025.07.02"]
[SourceQuality "1"]
[WhiteTeam "Zakrzewo Korona"]
[BlackTeam "Krakow CC 1893"]
[WhiteTeamCountry "POL"]
[BlackTeamCountry "POL"]

1. e4 c5 2. Nf3 g6 3. Bc4 Nc6 4. 0-0 Bg7 5. c3 Nf6 6. e5 Ng4 7. d4 d5 8. Bb5 0-0 9. h3 Nh6 10. Bf4 f5 11. Qd2 Nf7 12. Rd1 cxd4 13. cxd4 Qb6 14. Nc3 e6 15. Bxc6 Qxc6 16. Rac1 Qd7 17. Ng5 b6 18. Nxf7 Rxf7 19. Rc2 Ba6 20. Rdc1 Rc8 21. b3 Qb7 22. Ne2 Rfc7 23. Rxc7 Rxc7 24. Rxc7 Qxc7 25. Qc1 Qxc1+ 26. Nxc1 Bf8 27. Bd2 Ba3 28. f4 Kf7 29. Kf2 Ke7 30. h4 Kd7 31. Ke3 Kc6 32. Nd3 Bxd3 33. Kxd3 Kb5 34. Kc2 a5 35. Bc3 a4 36. Bd2 Bb4 37. Bc3 axb3+ 38. axb3 Bxc3 39. Kxc3 h6 40. Kc2 Kb4 41. g3 b5 42. Kb2 h5 43. Kc2 Ka3 44. Kc3 b4+ 45. Kc2 Ka2 46. Kc1 Kxb3 0-1

[Event "POL-ch U13 Girls Qual"]
[Site "Jastrzebia Gora"]
[Date "2021.11.17"]
[Round "4"]
[White "Dziodko, Wiktoria"]
[Black "Branka, Julia"]
[Result "1-0"]
[WhiteElo "1022"]
[BlackElo "1200"]
[PlyCount "69"]
[EventDate "2021.11.15"]
[EventType "swiss"]
[EventRounds "9"]
[EventCountry "POL"]
[SourceTitle "EXT 2023"]
[Source "ChessBase"]
[SourceDate "2022.10.05"]
[SourceVersion "1"]
[SourceVersionDate "2022.10.05"]
[SourceQuality "1"]

1. e4 c5 2. Nf3 e6 3. d4 cxd4 4. Nxd4 Nf6 5. Nc3 Nc6 6. Nxc6 bxc6 7. Bd3 Bb4 8. e5 Nd5 9. Qg4 Kf8 10. a3 Bxc3+ 11. bxc3 Nxc3 12. Qb4+ Kg8 13. Qxc3 h6 14. 0-0 Bb7 15. Bc4 Kh7 16. Qd3+ g6 17. Qe3 Kg7 18. h3 Qe7 19. Rb1 Bc8 20. f4 d5 21. exd6 Qxd6 22. Bb2+ f6 23. Rbd1 Qe7 24. Rde1 Qb7 25. Bxf6+ Kxf6 26. Qe5+ Ke7 27. Qxh8 Qb6+ 28. Kh1 c5 29. Qg7+ Ke8 30. Qxg6+ Ke7 31. f5 Rb8 32. fxe6 Rb7 33. Rf7+ Kd6 34. e7+ Kd7 35. e8Q# 1-0

[Event "POL-ch U13 Girls Qual"]
[Site "Jastrzebia Gora"]
[Date "2021.11.16"]
[Round "2"]
[White "Mansz, Martyna"]
[Black "Branka, Julia"]
[Result "0-1"]
[WhiteElo "1067"]
[BlackElo "1200"]
[PlyCount "94"]
[EventDate "2021.11.15"]
[EventType "swiss"]
[EventRounds "9"]
[EventCountry "POL"]
[SourceTitle "EXT 2023"]
[Source "ChessBase"]
[SourceDate "2022.10.05"]
[SourceVersion "1"]
[SourceVersionDate "2022.10.05"]
[SourceQuality "1"]

1. e4 c5 2. Nf3 e6 3. d3 Nc6 4. g3 d5 5. exd5 exd5 6. Bg2 Nf6 7. 0-0 Be7 8. Bd2 0-0 9. Re1 Bd7 10. Nc3 Re8 11. Ne5 Be6 12. Bf4 Bd6 13. Nxc6 bxc6 14. Qd2 Qc7 15. Bxd6 Qxd6 16. Ne2 Qe5 17. d4 cxd4 18. Nxd4 Qd6 19. Rad1 Bd7 20. h3 c5 21. Ne2 Bc6 22. Qf4 Rad8 23. Qxd6 Rxd6 24. Nf4 Kf8 25. c3 Rxe1+ 26. Rxe1 d4 27. Bxc6 Rxc6 28. c4 Rd6 29. Nd3 Nd7 30. f4 f6 31. a3 a5 32. g4 g6 33. h4 Kf7 34. Kf2 h6 35. Re4 f5 36. gxf5 gxf5 37. Ne5+ Kf6 38. Nxd7+ Rxd7 39. Re2 Kg6 40. Re6+ Kh5 41. Rf6 Kg4 42. Rxh6 d3 43. Ke1 Kxf4 44. Rf6 Re7+ 45. Kd2 Ke4 46. h5 f4 47. Rg6 f3 0-1